00357 a2200145 4500003000400000005001700004008004100021020001800062040000900080082002000089100001900109245003200128260003300160300001800193OSt20231028133305.0231028b |||||||| |||| 00| 0 eng d a9789354824401 coclc a894.8123bSHI/O aShivaprasad, P a ORMACHAVU /cShivaprasad P aKottayam:bD C Books,c2022. a184 p,c21 cm